000 00925 a2200241 4500
008 080820t xxu||||| |||| 00| 0 eng d
010 _aENG-84911
020 _a818122500919
_c590.00
035 _aEN-68444
037 _bD. B. Act / pub
082 _a631.0954
100 _aMamoria, C. B.
245 _aAgricultural problems of India
_cby C. B. Mamoria and Badri Bishal Tripathi
250 _a1st ed
260 _aAllahabad
_bKitab Mahal
_c2007
270 _a22-A, Sarojini Naidu Marg,
_bAllahabad
_cU.P.
300 _axvi, 896 p.
_bill.
_c24 cm.
500 _aIncludes bibliographial references and index
650 _aAgriculture problems
_zIndia
700 _aTripathi, Badri Bishal
942 _adpl
_cEN
_k631.0954 / MAM
_2ddc
_h631.0954
_mMAM
999 _c730
_d730